[Event "Bratislava Doprastav op"]
[Site "Bratislava"]
[Date "2010.07.04"]
[Round "4"]
[White "Michalko, Peter"]
[Black "Romhanyi, Milan"]
[Result "1-0"]
[WhiteElo "1853"]
[BlackElo "1000"]
[PlyCount "37"]
[EventDate "2010.07.02"]
[EventType "swiss"]
[EventRounds "9"]
[EventCountry "SVK"]
[SourceTitle "EXT 2012"]
[Source "ChessBase"]
[SourceDate "2011.11.24"]
[SourceVersion "1"]
[SourceVersionDate "2011.11.24"]
[SourceQuality "1"]

1. e4 e5 2. Nf3 Nf6 3. Nxe5 d6 4. Nf3 Nxe4 5. d4 d5 6. Bd3 Nc6 7. 0-0 Be7 8. Re1 Nf6 9. h3 0-0 10. Bf4 Bd7 11. c3 Re8 12. Nbd2 Bf8 13. Qc2 h6 14. Nf1 Nh5 15. Bh2 Qf6 16. Bxc7 Bxh3 17. Be5 Nxe5 18. Nxe5 Qg5 19. Bh7+ 1-0

[Event "SVK-ch U14"]
[Site "Ruzomberok"]
[Date "2010.02.24"]
[Round "6"]
[White "Michalko, Peter"]
[Black "Harvan, Richard"]
[Result "0-1"]
[WhiteElo "1824"]
[BlackElo "1833"]
[PlyCount "65"]
[EventDate "2010.02.21"]
[EventType "swiss"]
[EventRounds "9"]
[EventCountry "SVK"]
[SourceTitle "EXT 2022"]
[Source "ChessBase"]
[SourceDate "2021.10.06"]
[SourceVersion "1"]
[SourceVersionDate "2021.10.06"]
[SourceQuality "1"]

1. e4 e5 2. Nf3 Nc6 3. Nc3 Nf6 4. Bb5 Be7 5. Bxc6 dxc6 6. Nxe5 Nxe4 7. Nxe4 Qd4 8. 0-0 Qxe5 9. Re1 0-0 10. d4 Qd5 11. b3 Be6 12. c4 Qd7 13. Bb2 b6 14. Qf3 Bg4 15. Qg3 f5 16. h3 Bh5 17. d5 Bd8 18. dxc6 Qf7 19. Ng5 f4 20. Nxf7 fxg3 21. fxg3 Rxf7 22. Ba3 Rf6 23. Re5 Bf7 24. Rd1 Rxc6 25. Rd7 Bf6 26. Re1 Rd8 27. Red1 Rxd7 28. Rxd7 h6 29. Rd1 Be8 30. Rf1 Re6 31. Rb1 Bd4+ 32. Kf1 c5 33. Bb2 0-1

[Event "Tatry op"]
[Site "Tatranske Zruby"]
[Date "2009.10.01"]
[Round "6"]
[White "Michalko, Peter"]
[Black "Tropp, Frantisek"]
[Result "1/2-1/2"]
[WhiteElo "1792"]
[BlackElo "2128"]
[PlyCount "97"]
[EventDate "2009.09.27"]
[EventType "swiss"]
[EventRounds "9"]
[EventCountry "SVK"]
[SourceTitle "EXT 2011"]
[Source "ChessBase"]
[SourceDate "2010.11.26"]
[SourceVersion "1"]
[SourceVersionDate "2010.11.26"]
[SourceQuality "1"]

1. e4 c6 2. d4 d5 3. e5 Bf5 4. Nf3 e6 5. Be2 c5 6. c3 Nc6 7. 0-0 Rc8 8. Be3 cxd4 9. cxd4 Qb6 10. Qd2 Bb4 11. Nc3 Nge7 12. Nh4 0-0 13. Rac1 Na5 14. g4 Be4 15. f3 Bg6 16. Nxg6 hxg6 17. Bd3 Nc4 18. Qf2 Nxe3 19. Qxe3 Nc6 20. Ne2 Qa5 21. Nc3 Nxd4 22. Kg2 Bxc3 23. bxc3 Qxa2+ 24. Rf2 Qa3 25. Rd1 Qxc3 26. Qf4 Nc6 27. Re2 Nb4 28. Bb1 a5 29. Qg5 Qc7 30. Qh4 Qd8 31. Qh3 Qg5 32. Rf1 Qf4 33. Qg3 Qxg3+ 34. hxg3 g5 35. Rh1 g6 36. f4 gxf4 37. gxf4 Kg7 38. f5 Rh8 39. Rf1 gxf5 40. gxf5 exf5 41. Bxf5 Rc3 42. e6 fxe6 43. Rxe6 Rh6 44. Re7+ Kf6 45. Re6+ Kg5 46. Re8 d4 47. Bh7 Rc2+ 48. Bxc2 Nxc2 49. Re5+ 1/2-1/2

[Event "Bratislava Doprastav op"]
[Site "Bratislava"]
[Date "2009.07.09"]
[Round "7"]
[White "Cebo, Vladimir"]
[Black "Michalko, Peter"]
[Result "0-1"]
[WhiteElo "1532"]
[BlackElo "1787"]
[PlyCount "52"]
[EventDate "2009.07.04"]
[EventType "swiss"]
[EventRounds "9"]
[EventCountry "SVK"]
[SourceTitle "EXT 2015"]
[Source "ChessBase"]
[SourceDate "2014.11.20"]
[SourceVersion "1"]
[SourceVersionDate "2014.11.20"]
[SourceQuality "1"]

1. c4 c5 2. Nc3 Nc6 3. Nf3 g6 4. e3 Nf6 5. d4 cxd4 6. exd4 d5 7. cxd5 Nxd5 8. Bc4 Nxc3 9. bxc3 Bg7 10. 0-0 0-0 11. Re1 Na5 12. Bd3 h6 13. Ba3 Re8 14. Ne5 Nc6 15. Nxc6 bxc6 16. Qf3 Qc7 17. Bc4 e6 18. Bb3 Bb7 19. Qg4 Kh7 20. Re3 e5 21. Qg3 f5 22. Qf3 exd4 23. Rxe8 Rxe8 24. cxd4 Qa5 25. Bc4 Re1+ 26. Rxe1 Qxe1+ 0-1

[Event "Bratislava Doprastav op"]
[Site "Bratislava"]
[Date "2009.07.08"]
[Round "6"]
[White "Michalko, Peter"]
[Black "Marsina, Stefan"]
[Result "1/2-1/2"]
[WhiteElo "1787"]
[BlackElo "1972"]
[PlyCount "75"]
[EventDate "2009.07.04"]
[EventType "swiss"]
[EventRounds "9"]
[EventCountry "SVK"]
[SourceTitle "EXT 2015"]
[Source "ChessBase"]
[SourceDate "2014.11.20"]
[SourceVersion "1"]
[SourceVersionDate "2014.11.20"]
[SourceQuality "1"]

1. e4 e6 2. Nf3 d5 3. exd5 exd5 4. d4 Nf6 5. Bd3 Bd6 6. 0-0 0-0 7. Bg5 Bg4 8. c3 c6 9. Nbd2 Nbd7 10. Qc2 h6 11. Bh4 Qc7 12. Bg3 Bxg3 13. fxg3 Nh5 14. Rae1 Rae8 15. Bh7+ Kh8 16. Bf5 Bxf5 17. Qxf5 g6 18. Qd3 Kg7 19. Nh4 Nhf6 20. b3 Rxe1 21. Rxe1 Re8 22. Rxe8 Nxe8 23. Qe3 Nef6 24. Nhf3 Qd6 25. Ne5 Qe6 26. Ndf3 Ne4 27. Nxd7 Qxd7 28. Ne5 Qe7 29. Ng4 Qg5 30. Qxg5 Nxg5 31. c4 Ne6 32. cxd5 cxd5 33. Ne3 Nxd4 34. Nxd5 Ne2+ 35. Kf2 Nc1 36. Nc3 Nd3+ 37. Ke2 Ne5 38. h3 1/2-1/2

[Event "Bratislava Doprastav op"]
[Site "Bratislava"]
[Date "2008.06.28"]
[Round "1"]
[White "Frindt, Kornel"]
[Black "Michalko, Peter"]
[Result "1-0"]
[WhiteElo "2193"]
[BlackElo "1694"]
[PlyCount "65"]
[EventDate "2008.06.28"]
[EventType "swiss"]
[EventRounds "7"]
[EventCountry "SVK"]
[SourceTitle "CBM 125 Extra"]
[Source "ChessBase"]
[SourceDate "2008.09.01"]
[SourceVersion "1"]
[SourceVersionDate "2008.09.01"]
[SourceQuality "1"]

1. e4 e5 2. Nf3 Nc6 3. Bc4 Nf6 4. d3 Be7 5. c3 d6 6. 0-0 Na5 7. Bb5+ c6 8. Ba4 b5 9. Bc2 c5 10. d4 Qc7 11. a4 Bd7 12. Qe2 a6 13. Nbd2 cxd4 14. Nb1 Rc8 15. Bd3 Nb3 16. Ra3 Nxc1 17. Rxc1 b4 18. Ra1 0-0 19. Rc2 b3 20. Rd2 Nh5 21. g3 Bg4 22. Bxa6 Ra8 23. Bb5 f5 24. exf5 Rxf5 25. Qe4 Bxf3 26. Qxf5 Rf8 27. Qe6+ Kh8 28. Qd7 Qxd7 29. Bxd7 Bg5 30. cxd4 Bxd2 31. Nxd2 exd4 32. Nxf3 Rxf3 33. Bg4 1-0

[Event "SVK-chT2A 0708"]
[Site "Slovakia"]
[Date "2007.11.04"]
[Round "4.8"]
[White "Barca, Michal"]
[Black "Michalko, Peter"]
[Result "1/2-1/2"]
[WhiteElo "1854"]
[BlackElo "1631"]
[PlyCount "48"]
[EventDate "2007.10.06"]
[EventType "team-tourn"]
[EventRounds "11"]
[EventCountry "SVK"]
[SourceTitle "EXT 2010"]
[Source "ChessBase"]
[SourceDate "2010.11.25"]
[SourceVersion "1"]
[SourceVersionDate "2010.11.25"]
[SourceQuality "1"]
[WhiteTeam "Hlohovec SK Zentiva III"]
[BlackTeam "Bratislava Doprastav IV"]
[WhiteTeamCountry "SVK"]
[BlackTeamCountry "SVK"]

1. c4 e5 2. Nc3 Nf6 3. Nf3 Nc6 4. g3 Bb4 5. Bg2 0-0 6. 0-0 d5 7. cxd5 Nxd5 8. Nxe5 Nxc3 9. Nxc6 Nxe2+ 10. Qxe2 bxc6 11. Bxc6 Bh3 12. Rd1 Bc5 13. d4 Bd6 14. Qh5 Qc8 15. Bxa8 Bg4 16. Qg5 Bxd1 17. Bc6 Qa6 18. Qb5 Qxb5 19. Bxb5 Bf3 20. Be3 Rb8 21. Bc4 Rxb2 22. Bb3 c6 23. Kf1 Bb4 24. Rc1 Bd2 1/2-1/2

[Event "SVK-ch op-A"]
[Site "Banska Stiavnica"]
[Date "2007.07.14"]
[Round "8.65"]
[White "Krc, Milan"]
[Black "Michalko, Peter"]
[Result "1-0"]
[WhiteElo "1883"]
[BlackElo "1605"]
[PlyCount "77"]
[EventDate "2007.07.07"]
[EventType "swiss"]
[EventRounds "9"]
[EventCountry "SVK"]
[SourceTitle "EXT 2010"]
[Source "ChessBase"]
[SourceDate "2010.11.25"]
[SourceVersion "1"]
[SourceVersionDate "2010.11.25"]
[SourceQuality "1"]

1. b4 e5 2. a3 d5 3. Bb2 Bd6 4. e3 Be6 5. Nf3 Nd7 6. d3 f6 7. Nbd2 Ne7 8. c4 c6 9. Be2 0-0 10. 0-0 Qe8 11. Rc1 Qf7 12. h3 Kh8 13. Rc2 Rg8 14. Nh2 g5 15. Kh1 h6 16. Bg4 Bxg4 17. Nxg4 Qh7 18. e4 dxe4 19. Bc1 h5 20. Nh2 g4 21. h4 Ng6 22. g3 Rg7 23. f3 Nxh4 24. fxg4 hxg4 25. gxh4 Qxh4 26. Rf5 Rh7 27. Ndf1 g3 28. Nxg3 Qxg3 29. Rg2 Qh4 30. Bd2 Rg8 31. Be1 Qh3 32. Rxg8+ Kxg8 33. Qe2 Rg7 34. Rh5 Qe6 35. Rf5 Rg5 36. Ng4 Qe7 37. Nxf6+ Nxf6 38. Rxg5+ Kf7 39. Qf2 1-0

[Event "SVK-ch op-A"]
[Site "Banska Stiavnica"]
[Date "2007.07.13"]
[Round "7.65"]
[White "Michalko, Peter"]
[Black "Kukla, Tomas"]
[Result "1-0"]
[WhiteElo "1605"]
[BlackElo "1721"]
[PlyCount "41"]
[EventDate "2007.07.07"]
[EventType "swiss"]
[EventRounds "9"]
[EventCountry "SVK"]
[SourceTitle "EXT 2010"]
[Source "ChessBase"]
[SourceDate "2010.11.25"]
[SourceVersion "1"]
[SourceVersionDate "2010.11.25"]
[SourceQuality "1"]

1. e4 c5 2. Nf3 e6 3. d4 cxd4 4. Nxd4 Nc6 5. Nc3 a6 6. Be2 Nf6 7. 0-0 Bb4 8. a3 Bxc3 9. bxc3 Nxe4 10. Bd3 Nf6 11. Re1 h6 12. Nf5 0-0 13. Nxh6+ gxh6 14. Bxh6 Ne7 15. Qf3 Nf5 16. Bxf5 exf5 17. Qxf5 Kh8 18. Bxf8 Qxf8 19. Qxf6+ Kh7 20. Re4 Qg7 21. Rh4+ 1-0

[Event "SVK-ch op-A"]
[Site "Banska Stiavnica"]
[Date "2007.07.07"]
[Round "1.62"]
[White "Hlinka, Vasil"]
[Black "Michalko, Peter"]
[Result "1-0"]
[WhiteElo "2151"]
[BlackElo "1605"]
[PlyCount "39"]
[EventDate "2007.07.07"]
[EventType "swiss"]
[EventRounds "9"]
[EventCountry "SVK"]
[SourceTitle "EXT 2010"]
[Source "ChessBase"]
[SourceDate "2010.11.25"]
[SourceVersion "1"]
[SourceVersionDate "2010.11.25"]
[SourceQuality "1"]

1. d4 d5 2. c4 c6 3. Nf3 Nf6 4. Qc2 e6 5. g3 Nbd7 6. Bg2 Be7 7. 0-0 0-0 8. Nbd2 c5 9. Rd1 cxd4 10. Nxd4 Ne5 11. cxd5 Nxd5 12. N2f3 Bd7 13. Nxe5 Rc8 14. Qb3 Nb6 15. Nxd7 Qxd7 16. Nb5 Qe8 17. Nxa7 Ra8 18. Qxb6 Qa4 19. Be3 Rfd8 20. Rxd8+ 1-0

[Event "SVK-ch U12"]
[Site "Liptovsky Mikulas"]
[Date "2007.04.25"]
[Round "6"]
[White "Michalko, Peter"]
[Black "Petras, Marian"]
[Result "1-0"]
[WhiteElo "1728"]
[BlackElo "1639"]
[PlyCount "71"]
[EventDate "2007.04.22"]
[EventType "swiss"]
[EventRounds "9"]
[EventCountry "SVK"]
[SourceTitle "EXT 2008"]
[Source "ChessBase"]
[SourceDate "2007.11.25"]
[SourceVersion "1"]
[SourceVersionDate "2007.11.25"]
[SourceQuality "1"]

1. e4 c5 2. Nf3 Nc6 3. d4 cxd4 4. Nxd4 Nf6 5. Nc3 d6 6. Be3 e5 7. Nb3 Be6 8. Be2 Be7 9. 0-0 0-0 10. Bf3 a5 11. Nd5 Nd7 12. c4 Nb4 13. a3 Nxd5 14. cxd5 Bxd5 15. Qxd5 Nf6 16. Qb5 Ne8 17. Qxb7 a4 18. Bb6 Qb8 19. Qxe7 Qxb6 20. Nd2 Qxb2 21. Nc4 Qd4 22. Ne3 Ra7 23. Qg5 f6 24. Qg4 Raf7 25. Be2 Kh8 26. Rfd1 Qc5 27. Bc4 Rb7 28. Rdc1 Qd4 29. Bd5 Rb2 30. Rd1 Qc5 31. Rac1 Qb6 32. Rc8 f5 33. Qh5 Qb5 34. Bc6 Qc5 35. Qxe8 h6 36. Qxf8+ 1-0

[Event "SVK-ch U12"]
[Site "Liptovsky Mikulas"]
[Date "2007.04.23"]
[Round "3"]
[White "Michalko, Peter"]
[Black "Novotny, Adam"]
[Result "1-0"]
[WhiteElo "1728"]
[BlackElo "1350"]
[PlyCount "53"]
[EventDate "2007.04.22"]
[EventType "swiss"]
[EventRounds "9"]
[EventCountry "SVK"]
[SourceTitle "EXT 2008"]
[Source "ChessBase"]
[SourceDate "2007.11.25"]
[SourceVersion "1"]
[SourceVersionDate "2007.11.25"]
[SourceQuality "1"]

1. e4 c5 2. Nf3 d6 3. d4 cxd4 4. Nxd4 Nf6 5. Nc3 Nc6 6. Be3 g6 7. f3 Bg7 8. Qd2 0-0 9. 0-0-0 Bd7 10. h4 Ne5 11. Be2 Rc8 12. g4 Qa5 13. h5 Rc7 14. hxg6 Rfc8 15. gxh7+ Nxh7 16. Nd5 Qxa2 17. Qb4 Nc4 18. Nxe7+ Kh8 19. Rxh7+ Kxh7 20. Rh1+ Bh6 21. Rxh6+ Kg7 22. Ndf5+ Bxf5 23. Nxf5+ Kg8 24. c3 Nxb2 25. Bd4 Qa1+ 26. Kc2 Na4 27. Rh8# 1-0

[Event "Havlickuv Brod Vysocina op-B"]
[Site "Havlickuv Brod"]
[Date "2006.09.27"]
[Round "5"]
[White "Lausman, Petr"]
[Black "Michalko, Peter"]
[Result "1-0"]
[WhiteElo "2050"]
[BlackElo "1531"]
[PlyCount "59"]
[EventDate "2006.09.23"]
[EventType "swiss"]
[EventRounds "9"]
[EventCountry "CZE"]
[SourceTitle "EXT 2008"]
[Source "ChessBase"]
[SourceDate "2007.11.25"]
[SourceVersion "1"]
[SourceVersionDate "2007.11.25"]
[SourceQuality "1"]

1. e4 c5 2. Nf3 e6 3. d4 cxd4 4. Nxd4 a6 5. Bd3 Bc5 6. Ne2 Be7 7. 0-0 d6 8. f4 Nd7 9. Qe1 Ngf6 10. Qg3 0-0 11. f5 Ne5 12. Nbc3 Nfg4 13. h3 Bh4 14. Qf4 Qb6+ 15. Kh1 Nf2+ 16. Kh2 g5 17. fxg6 Neg4+ 18. hxg4 fxg6 19. Be3 Qxe3 20. Qxe3 Nxg4+ 21. Kh3 Nxe3 22. Rxf8+ Kxf8 23. Kxh4 Nxg2+ 24. Kg3 Ne3 25. Kf3 h5 26. Kxe3 h4 27. Rg1 Kf7 28. Nf4 Bd7 29. Rxg6 e5 30. Bc4+ 1-0

[Event "Havlickuv Brod Vysocina op-B"]
[Site "Havlickuv Brod"]
[Date "2006.09.23"]
[Round "1"]
[White "Mlynek, Petr"]
[Black "Michalko, Peter"]
[Result "1-0"]
[WhiteElo "2151"]
[BlackElo "1531"]
[PlyCount "57"]
[EventDate "2006.09.23"]
[EventType "swiss"]
[EventRounds "9"]
[EventCountry "CZE"]
[SourceTitle "EXT 2008"]
[Source "ChessBase"]
[SourceDate "2007.11.25"]
[SourceVersion "1"]
[SourceVersionDate "2007.11.25"]
[SourceQuality "1"]

1. d4 Nf6 2. c4 c5 3. d5 b5 4. cxb5 a6 5. bxa6 Bxa6 6. Nc3 d6 7. Nf3 g6 8. Nd2 Bg7 9. e4 Bxf1 10. Nxf1 0-0 11. Ne3 Nbd7 12. 0-0 Ra6 13. Qc2 Qa8 14. Bd2 Rb8 15. a4 Nb6 16. b3 Nbd7 17. Rab1 Ne8 18. Nb5 Ndf6 19. Bc3 Qb7 20. f4 Nc7 21. Nxc7 Qxc7 22. Nc4 h5 23. h3 Bh6 24. Qd3 h4 25. e5 Nh5 26. f5 Ng3 27. fxg6 Nxf1 28. gxf7+ Kf8 29. Qh7 1-0

[Event "Tatranska Lesna op"]
[Site "Tatranska Lesna"]
[Date "2006.06.27"]
[Round "4"]
[White "Michalko, Peter"]
[Black "Vnenk, Lubomir"]
[Result "0-1"]
[WhiteElo "1508"]
[BlackElo "1946"]
[PlyCount "122"]
[EventDate "2006.06.24"]
[EventType "swiss"]
[EventRounds "7"]
[EventCountry "SVK"]
[SourceTitle "EXT 2008"]
[Source "ChessBase"]
[SourceDate "2007.11.25"]
[SourceVersion "1"]
[SourceVersionDate "2007.11.25"]
[SourceQuality "1"]

1. e4 d5 2. exd5 Nf6 3. Nf3 Nxd5 4. Bc4 Nf6 5. 0-0 Bg4 6. d3 Nc6 7. Be3 e6 8. Nbd2 Bd6 9. h3 Bh5 10. Re1 0-0 11. Bb3 Ne5 12. d4 Nxf3+ 13. Nxf3 Rc8 14. c3 c5 15. Bc2 Re8 16. dxc5 Bxc5 17. Qxd8 Rexd8 18. Bxc5 Rxc5 19. g4 Bg6 20. Bxg6 hxg6 21. Rad1 Rcd5 22. Rxd5 Rxd5 23. Kf1 Kf8 24. Re5 Rd7 25. Ke2 Nd5 26. Nd4 Nf4+ 27. Kf3 Nd3 28. Re2 e5 29. Rd2 Ne1+ 30. Ke2 exd4 31. Kxe1 Re7+ 32. Kd1 dxc3 33. bxc3 Ke8 34. Kc2 Rd7 35. f4 Rxd2+ 36. Kxd2 Ke7 37. Kd3 Kd6 38. Kd4 b5 39. h4 f6 40. h5 gxh5 41. gxh5 f5 42. c4 b4 43. c5+ Kc6 44. Ke5 a5 45. Kxf5 a4 46. Kg6 b3 47. axb3 axb3 48. Kxg7 b2 49. h6 b1Q 50. h7 Qb2+ 51. Kg8 Qg2+ 52. Kf7 Qh3 53. Kg8 Qg4+ 54. Kf7 Qxf4+ 55. Kg8 Qg5+ 56. Kf8 Qh6+ 57. Kg8 Qg6+ 58. Kh8 Kd7 59. c6+ Ke7 60. c7 Kf7 61. c8Q Qg7# 0-1

[Event "SVK-ch U10"]
[Site "Brezova pod Bradlom"]
[Date "2006.03.10"]
[Round "9"]
[White "Jozefek, Michal"]
[Black "Michalko, Peter"]
[Result "0-1"]
[WhiteElo "1496"]
[BlackElo "1691"]
[PlyCount "64"]
[EventDate "2006.03.05"]
[EventType "swiss"]
[EventRounds "9"]
[EventCountry "SVK"]
[SourceTitle "EXT 2008"]
[Source "ChessBase"]
[SourceDate "2007.11.25"]
[SourceVersion "1"]
[SourceVersionDate "2007.11.25"]
[SourceQuality "1"]

1. e4 c5 2. Nf3 a6 3. c3 d5 4. e5 Bf5 5. d4 e6 6. Be3 Qb6 7. Qd2 c4 8. Be2 Nd7 9. 0-0 f6 10. Rd1 h6 11. Nh4 g5 12. Bh5+ Kd8 13. Nxf5 exf5 14. f4 Qe6 15. Bf3 g4 16. Be2 h5 17. Qc2 Ne7 18. Nd2 Nc6 19. Nf1 h4 20. b3 b5 21. bxc4 bxc4 22. Rab1 Rb8 23. Bxc4 fxe5 24. Bd3 e4 25. Be2 Rxb1 26. Rxb1 Bd6 27. Bxa6 Qh6 28. Qd2 Ke7 29. Rb6 Nd8 30. g3 hxg3 31. Nxg3 Qh7 32. Bb7 Nxb6 0-1

[Event "SVK-ch U10"]
[Site "Brezova pod Bradlom"]
[Date "2006.03.08"]
[Round "6"]
[White "Sosovicka, Matej"]
[Black "Michalko, Peter"]
[Result "1-0"]
[WhiteElo "1403"]
[BlackElo "1691"]
[PlyCount "45"]
[EventDate "2006.03.05"]
[EventType "swiss"]
[EventRounds "9"]
[EventCountry "SVK"]
[SourceTitle "EXT 2008"]
[Source "ChessBase"]
[SourceDate "2007.11.25"]
[SourceVersion "1"]
[SourceVersionDate "2007.11.25"]
[SourceQuality "1"]

1. e4 c5 2. Nf3 a6 3. c3 e6 4. d4 cxd4 5. cxd4 d5 6. exd5 Qxd5 7. Nc3 Bb4 8. Bd2 Bxc3 9. Bxc3 Ne7 10. Bd3 0-0 11. 0-0 b5 12. Qc2 h6 13. Be4 Qc4 14. Bxa8 b4 15. Qa4 Bd7 16. Qxb4 Bb5 17. Qxe7 Nd7 18. Be4 Nf6 19. Bc2 Nd5 20. Qc5 Qe2 21. Bb3 Qe4 22. Rfe1 Qg4 23. Bxd5 1-0

[Event "SVK-ch U10"]
[Site "Brezova pod Bradlom"]
[Date "2006.03.06"]
[Round "2"]
[White "Tomcik, Michal"]
[Black "Michalko, Peter"]
[Result "1-0"]
[WhiteElo "1398"]
[BlackElo "1691"]
[PlyCount "75"]
[EventDate "2006.03.05"]
[EventType "swiss"]
[EventRounds "9"]
[EventCountry "SVK"]
[SourceTitle "EXT 2008"]
[Source "ChessBase"]
[SourceDate "2007.11.25"]
[SourceVersion "1"]
[SourceVersionDate "2007.11.25"]
[SourceQuality "1"]

1. e4 c5 2. Nf3 e6 3. Nc3 d5 4. exd5 exd5 5. Qe2+ Be7 6. d4 b6 7. dxc5 bxc5 8. Bf4 Nf6 9. 0-0-0 0-0 10. g3 Be6 11. Ng5 Qb6 12. Nxe6 fxe6 13. Bg2 Nbd7 14. Rhe1 Kf7 15. Nxd5 exd5 16. Qxe7+ Kg8 17. Bxd5+ Nxd5 18. Rxd5 Rae8 19. Rxd7 Rxe7 20. Rexe7 Qf6 21. Rxg7+ Qxg7 22. Rxg7+ Kxg7 23. Kd2 Kf6 24. Kc3 Ke6 25. Kc4 Rc8 26. g4 Rf8 27. Be3 Rg8 28. Bxc5 Rxg4+ 29. Kb5 Rg2 30. h3 Rg7 31. a4 Rc7 32. a5 Kd5 33. b4 Ke6 34. Ka6 Kd7 35. Bxa7 Rxc2 36. b5 Kc7 37. b6+ Kd7 38. b7 1-0